Southville International School and Colleges
Your cart is empty.
  • Cart
  • Lists
    Public lists Eva Luna New books Lux_list list_1
    Your lists Log in to create your own lists
  • Log in to your account
  • Your cookies
  • Search history
Southville International School and Colleges
  • Advanced search
  • Recent comments
  • Most popular
  • Libraries

Log in to your account

Log in with GOOGLE


If you do not have an external account, but do have a local account, you can still log in:

  1. Home
  2. MARC view: Strategize! :
Normal view MARC view ISBD view

Strategize! : (Record no. 276739)

[ view plain ]
MARC details
000 -LEADER
fixed length control field 00894nam a22002895a 4500
001 - CONTROL NUMBER
control field 17542229
003 - CONTROL NUMBER IDENTIFIER
control field SISC
005 - DATE AND TIME OF LATEST TRANSACTION
control field 20170118162353.0
008 - FIXED-LENGTH DATA ELEMENTS--GENERAL INFORMATION
fixed length control field 121128s2015 ohu 000 0 eng
010 ## - LIBRARY OF CONGRESS CONTROL NUMBER
LC control number 2012954798
020 ## - INTERNATIONAL STANDARD BOOK NUMBER
International Standard Book Number 9781133953371
040 ## - CATALOGING SOURCE
Original cataloging agency DLC
Transcribing agency DLC
042 ## - AUTHENTICATION CODE
Authentication code pcc
050 ## - LIBRARY OF CONGRESS CALL NUMBER
Classification number HD 30.28
Item number .G665 2014
100 1# - MAIN ENTRY--PERSONAL NAME
Personal name Gopinath, C.
245 10 - TITLE STATEMENT
Title Strategize! :
Remainder of title experiential exercises in strategic management /
Statement of responsibility, etc C. Gopinath, Julie Siciliano.
250 ## - EDITION STATEMENT
Edition statement 4th Edition.
260 ## - PUBLICATION, DISTRIBUTION, ETC. (IMPRINT)
Place of publication, distribution, etc Mason, OH :
Name of publisher, distributor, etc Cengage,
Date of publication, distribution, etc 2014.
263 ## - PROJECTED PUBLICATION DATE
Projected publication date 1502
300 ## - PHYSICAL DESCRIPTION
Extent xiii, 202 pages :
Other physical details illustrations ;
Dimensions 28 cm.
500 ## - GENERAL NOTE
General note Includes bibliographical references and index.
521 ## - TARGET AUDIENCE NOTE
Target audience note Business Administration
650 ## - SUBJECT ADDED ENTRY--TOPICAL TERM
Topical term or geographic name as entry element Strategic planning
General subdivision Problems, exercises, etc.
906 ## - LOCAL DATA ELEMENT F, LDF (RLIN)
a 0
b ibc
c orignew
d 2
e epcn
f 20
g y-gencatlg
942 ## - ADDED ENTRY ELEMENTS (KOHA)
Source of classification or shelving scheme Library of Congress Classification
Koha item type Books
Call number prefix Foreign
Holdings
Withdrawn status Lost status Source of classification or shelving scheme Damaged status Home library Current library Shelving location Date acquired Source of acquisition Sub Shelving location Total Checkouts Total Renewals Full call number Barcode Date last seen Date checked out Price effective from Koha item type
    Library of Congress Classification   College Library College Library Reserve Section 11/06/2014 Library Fund   2 15 HD 30.28 .G665 2014 C18858 10/15/2016 06/09/2016 11/06/2014 Books

Strategize! :

APA

Gopinath C., . (2014). Strategize!. Mason, OH: Cengage.

Chicago

Gopinath C, . 2014. Strategize!. Mason, OH: Cengage.

Harvard

Gopinath C., . (2014). Strategize!. Mason, OH: Cengage.

MLA

Gopinath C, . Strategize!. Mason, OH: Cengage. 2014.

  • Place hold
  • Print
  • Cite
  • Add to your cart (remove)
  • Save record
    BIBTEX Dublin Core MARCXML MARC (non-Unicode/MARC-8) MARC (Unicode/UTF-8) MARC (Unicode/UTF-8, Standard) MODS (XML) RIS
  • More searches
    Search for this title in:
    Other Libraries (WorldCat) Other Databases (Google Scholar) Online Stores (Bookfinder.com) Open Library (openlibrary.org)

Exporting to Dublin Core...

SOUTHVILLE LIBRARY

Southville International School and Colleges Library

1281 Tropical Ave. Cor. Luxembourg St., BF Homes International, Las Pinas City

Tel. No. 8256374 / 252358 Loc. 117/146

Powered by Koha